الأمير / (Record no. 27374)
[ view plain ]
| 000 -الفاتح | |
|---|---|
| حقل البيانات ثابتة الطول | 01413nam a22003375a 4500 |
| 003 - محدد رقم الضبط | |
| رقم الضبط | EG-ScBUE |
| 005 - وقت وتاريخ اخر تعامل مع التسجيلة | |
| رقم الضبط | 20190411134919.0 |
| 008 - عناصر البيانات ثابتة الطول - معلومات عامة | |
| حقل البيانات ثابتة الطول | 190411s2002 ua grb 000 0 ara d |
| 020 ## - الرقم الدولى المعيارى للكتب | |
| الرقم الدولى المعيارى للكتاب | 9953120633 |
| 040 ## - مصدر الفهرسة | |
| وكالة الفهرسة الأصلية | EG-ScBUE |
| لغة الفهرسة | ara |
| وكالة النسخ | EG-ScBUE |
| وكالة التعديل | EG-ScBUE |
| 041 1# - رمز اللغة | |
| رمز لغة النص/ المسارات الصوتية أو العنوان الانفرادي | ara |
| رمز لغة الترجمات و/او الاصلية المتوسطة للنص | und |
| 082 04 - رقم تصنيف ديوى العشرى | |
| رقم التصنيف | 320.01 |
| رقم المادة | م ك ي |
| رقم الطبعة | 22 |
| 100 1# - المدخل الرئيسى - إسم شخصى | |
| الإسم الشخصى | مكيافللي، نيقولو، |
| التواريخ المصاحبة للاسم | 1469-1527. |
| 245 12 - بيان العنوان | |
| العنوان | الأمير / |
| بيان المسئوليه,etc | نيقولو مكيافللي ؛ تعليق بنيتو موسوليني ؛ مقدمة كريستيان غاوس ؛ تعريب خيري حماد ؛ تعقيب فاروق سعد. |
| 246 35 - العنوان الموازى | |
| عنوان صحيح/عنوان مختصر | Prince : |
| بقية العنوان | the heritage of political thought before and after the prince |
| 246 34 - العنوان الموازى | |
| عنوان صحيح/عنوان مختصر | الأمير : |
| بقية العنوان | تراث الفكر السياسي قبل الأمير وبعده |
| 250 ## - بيان الطبعة | |
| بيان الطبعة | ط. 24. |
| 260 ## - PUBLICATION, DISTRIBUTION, ETC. (IMPRINT) | |
| مكان الناشر او الموزع | بيروت : |
| اسم الناشر او الموزع | دار الآفاق الجديدة، |
| تاريخ النشر أو التوزيع | 2002. |
| 300 ## - الوصف المادى | |
| التعداد | 396 ص. ؛ |
| أبعاد الوعاء | 24 سم. |
| 504 ## - تبصرة ببليوجرافية | |
| تبصرة ببليوجرافية,الخ | يشتمل على إرجاعات ببليوجرافية. |
| 541 ## - تبصرة المصدر المباشر للتزويد | |
| مصدر التزويد | النص باللغة العربية. |
| 650 #7 - المدخل الاضافى بالموضوع-مصطلح موضوعى | |
| مصطلح موضوعي أو اسم جغرافي كعنصر مدخل | السياسة |
| التقسيم الفرعي العام | نظريات. |
| مصدر الرأس أو المصطلح | BUEsh |
| 650 #7 - المدخل الاضافى بالموضوع-مصطلح موضوعى | |
| مصطلح موضوعي أو اسم جغرافي كعنصر مدخل | النظم السياسية. |
| مصدر الرأس أو المصطلح | BUEsh |
| 651 ## - المدخل الاضافى بالموضوع - اسم جغرافى | |
| مصدر الرأس أو المصطلح | BUEsh |
| 653 ## - مصطلح تكشيفى غير مقيد | |
| Resource For college | BAEPS, Political Science |
| Arrived date list | April2019 |
| 700 1# - المدخل الاضافى - اسم شخصى | |
| الإسم الشخصى | موسوليني، بنيتو، |
| الدور | معلق. |
| 700 1# - المدخل الاضافى - اسم شخصى | |
| الإسم الشخصى | غاوس، كريستيان، |
| الدور | مقدم. |
| 700 1# - المدخل الاضافى - اسم شخصى | |
| الإسم الشخصى | حماد، خيري، |
| الدور | معرب. |
| 700 1# - المدخل الاضافى - اسم شخصى | |
| الإسم الشخصى | سعد، فاروق، |
| الدور | معقب. |
| 942 ## - عناصر المدخل الإضافي( كوها) | |
| مصدر التصنيف او مخطط الترفيف | Dewey Decimal Classification |
| حالة التراجع | حالة الفقد | مصدر التصنيف او خطة الترفيف | حالة تلف | ليس للاعارة | مجموعات كوها | المكان الدائم | المكان الحالي | موقع الترفيف | تاريخ الاكتساب | Source of acquisition | سعر الشراء الطبيعي | تعداد مسلسل / التسلسل الزمني | رقم الاستدعاء | الباركود | Date last seen | مُعار | التكلفة | نوع الوعاء |
|---|---|---|---|---|---|---|---|---|---|---|---|---|---|---|---|---|---|---|
| Dewey Decimal Classification | Madboly | Central Library | Central Library | First floor | 11/04/2019 | Purchase | 125.00 | 0921 | 320.01 م ك ي | 000044560 | 15/07/2025 | 08/04/2025 | 156.25 | Book - Borrowing |